Top 15 best football countries in North America - Statistics

General Stats
  • This quiz has been taken 20 times
  • The average score is 12 of 15
Answer Stats
Rank North America % Correct
50 Canada
100%
15 Mexico
100%
13 United States
100%
78 Honduras
94%
54 Costa Rica
89%
81 El Salvador
89%
108 Guatemala
89%
44 Panama
89%
90 Haiti
83%
57 Jamaica
83%
134 Nicaragua
78%
96 Trinidad and Tobago
78%
142 Antigua and Barbuda
50%
91 Curacao
28%
144 Suriname
28%
No matching quizzes found
Score Distribution
Percent of People with Each Score
Percentile by Number Answered
Your Score History
You have not taken this quiz